Statystyki dla Najbardziej ruchliwe lotniska na świecie

Kliknij tutaj aby rozwiązać quiz!

Ogólne statystyki

  • Ten quiz został rozwiązany 628 razy
  • Średni wynik to 27 z 50

Statystyki odpowiedzi

#miasto% Poprawnych
46,4 mLondyn (Gatwick)
96%
80,1 mLondyn (Heathrow)
96%
61,6 mNowy Jork (JFK)
94%
46,0 mNowy Jork (Newark)
94%
72,2 mParyż
93%
45,8 mMoskwa (Sheremetyevo)
91%
101 mPekin
89%
87,5 mTokio (Haneda)
89%
42,6 mTokio (Narita)
89%
57,9 mMadryt
88%
87,5 mLos Angeles
86%
43,0 mRzym
79%
89,1 mDubaj
74%
50,1 mBarcelona
72%
83,3 mChicago
71%
44,5 mSydney
71%
68,2 mStambuł
68%
43,6 mSzanghaj (Hongqiao)
68%
74,0 mSzanghaj (Pudong)
68%
69,5 mFrankfurt
66%
47,7 mMeksyk
61%
45,0 mMiami
61%
71,0 mAmsterdam
59%
49,5 mToronto
59%
68,4 mSeul
58%
107 mAtlanta
56%
46,3 mMonachium
56%
57,7 mSan Francisco
56%
69,9 mDelhi
55%
74,5 mHongkong
55%
65,6 mSingapur
55%
63,4 mBangkok
46%
49,9 mBombaj
43%
66,9 mDżakarta
43%
69,1 mDallas
37%
49,9 mLas Vegas
36%
49,8 mSeattle
32%
60,0 mKuala Lumpur
31%
43,8 mHouston
29%
44,5 mManila
28%
69,8 mKanton
27%
64,5 mDenver
25%
46,6 mTajpej
20%
44,9 mPhoenix
16%
47,7 mOrlando
11%
44,7 mXi'an
8%
46,4 mCharlotte
6%
53,0 mChengdu
5%
49,3 mShenzhen
3%
47,2 mKunming
1%

Rozkład punktacji

Percentyl według liczby udzielonych odpowiedzi

Procent ludzi z każdym wynikiem

Twoja historia wyników

Nie rozwiązałeś tego quizu